El Servei de Biblioteques del Front, epopeia cultural del segle XX / Vicenç Allué
Publicado:
Item :
revista de biblioteconomia i documentació, núm. 44 (set./des. 2006), pàg. 67 - 111
Descripción Física:
il. ; 24 cm
MARC
| LEADER | 00000nam a2200000Ia 4500 | ||
|---|---|---|---|
| 001 | 19460 | ||
| 008 | 160829s9999 xx 000 0 cat d | ||
| 080 | |a FU-6-39 | ||
| 100 | |a Allué, Vicenç |9 42561 | ||
| 245 | |a El Servei de Biblioteques del Front, epopeia cultural del segle XX / Vicenç Allué | ||
| 260 | |a Item : |b revista de biblioteconomia i documentació, núm. 44 (set./des. 2006), pàg. 67 - 111 | ||
| 300 | |a il. ; |c 24 cm | ||
| 590 | |a S'ha utilitzat el fons de l'Arxiu General de la Diputació de Barcelona | ||
| 610 | 1 | 0 | |a Catalunya. |b Servei de Biblioteques del Front |9 53093 |
| 650 | |a Biblioteques públiques |x Història |x S. XX |9 42563 | ||
| 651 | 0 | |a Espanya |x Història |y 1936-1939, Guerra Civil |9 55759 | |
| 901 | |a Arxiu | ||
| 942 | |n 1 | ||
| 952 | |0 0 |1 0 |4 0 |6 FU639 |7 1 |9 50902 |a Arxiu |b Arxiu |d 2016-12-01 |l 0 |o FU-6-39 |p 19460 |r 2016-12-01 00:00:00 |w 2016-12-01 |y ARXIU | ||
| 999 | |c 54744 |d 54744 | ||